| 000 | 01005nam a2200313Ia 4500 | ||
|---|---|---|---|
| 003 | OSt | ||
| 005 | 20221006160207.0 | ||
| 006 | a|||||r|||| 00| 0 | ||
| 007 | ta | ||
| 008 | 221006b |||||||| |||| 00| 0 eng d | ||
| 020 |
_a9780895818294 _c _30.00 |
||
| 024 | _a44,578 | ||
| 037 |
_bGift, Korean Embassy _cTextual |
||
| 040 |
_aEASL _cEASL _beng |
||
| 041 |
_2eng _aeng |
||
| 082 | _aY:356.495, P3 | ||
| 100 |
_aIm Sok-jae _9672338 |
||
| 245 | 0 |
_aMu-ga _b The ritual songs of Korean Mudangs |
|
| 260 |
_aFremont _bAsian Humanities Press _c2003 |
||
| 300 |
_a376p. _ccm. |
||
| 490 | _v KEL | ||
| 650 |
_a Folk songs - Korean - History and criticism _9672339 |
||
| 650 |
_a Incantations - Shamanist - Korea South _9672340 |
||
| 650 | _a KEL | ||
| 650 |
_aFolk poetry - Korean - History and criticism _9672341 |
||
| 700 |
_a Heyman Alan C. Tr. _9672342 |
||
| 942 |
_hY:356.495, P3 _cTEXL _2CC |
||
| 999 |
_c1112670 _d1112670 |
||